000 00583cam a22001934a 4500
005 20250605164130.0
008 250528s ||||||||||||||||||||||||d
035 _a18594
040 _aGR-AtMCL
_bgre
_dGR-AtMCL
_eAACR2
245 1 _aBasic First Aid / Book 4
250 _a1st
260 _bDoubleday And Company, Inc,
_c1971
300 _a258
520 _aToo Much Heat or Sun, Exposure to Cold Etc. Fire, Electric Shock, Water Safety, Special Safety Problems.
710 2 _aThe American National Red Cross
_99757
942 _cBK
999 _c3943
_d3943